00893nam a2200265Ia 450000500170000000800410001702000180005810000210007624501180009725000180021530000250023349000280025853400280028665000250031465000290033965000330036865000340040170000260043526400320046133600270049333700330052033800280055304000350058108400110061620220317001523.0161108s2013 s g 000 f s  a97884903255131 aDumas, Alexandre14aLos tres mosqueteroscAlexandre Dumas ; traducción de TorcuatoTasso Serra ; revisada por Helena Castells Savall a1a. edición a770 páginasc19 cm aClásicos de aventuras tLes Trois Mousquetaires142LEMBaNovela inglesa142LEMBaLiteratura inglesa142LEMBaMiedo en la literatura142LEMBaTerror en la literatura1 aTasso Serra, Torcuato aBarcelonabDebolsilloc2013 atextobtxt2rdacontent asin mediaciónbn2rdamedia avolumenbnc2rdacarrier aCO-BoRNBPbspaerdacCO-BoRNBP aN DUM1